01141nam a2200313Ia 450000500170000000800370001702000180005404100080007208200170008010000310009724501220012825000180025030000730026849000220034150000450036353400500040865000350045865000330049365000420052665000310056870000340059994200120063326400440064533600270068933700330071633800280074904000350077799900150081220220317001758.0170328s2014 s ao g 000 0 s a9788499215310 aspa04a371.36bM14s1 aMajoral Clapés, Sílvia10aSiguiendo el hilo de las propuestas de los niños y las niñascSilvia Majoral ; traducción Manuel León Urrutia a1a. edición a109 páginasbilustraciones, fotografías en blanco y negroc23 cm aTemas de infancia aIncluye datos biográficos de la autora tSeguint el fil de les proposters dels infants142LEMBaImaginación en niños142LEMBaProceso de aprendizaje142LEMBaTrabajo en grupos (Educación)142LEMBaEducación infantil1 aLeón Urrutia, Manuel990660 2ddccBK aBarcelonabOctaedro ; Rosa Sensatc2014 atextobtxt2rdacontent asin mediaciónbn2rdamedia avolumenbnc2rdacarrier aCO-BoRNBPbspaerdacCO-BoRNBP c8071d8071